The Weeknd Discography 'All Projects' (2026) - Statistics

General Stats
  • This quiz has been taken 630 times
    540 since last reset
  • The average score is 14 of 17
Answer Stats
Hint Answer % Correct
Album After Hours
100%
Album Hurry Up Tomorrow
98%
Album Beauty Behind The Madness
97%
Album Dawn FM
97%
Album Kiss Land
97%
Album Starboy
97%
Mixtape House Of Balloons
95%
Soundtrack Hurry Up Tomorrow (Original Motion Picture Score)
95%
Mixtape Thursday
95%
Mixtape Echoes Of Silence
91%
EP My Dear Melancholy,
83%
Compilation Trilogy
79%
Live Album Live At So-Fi
72%
EP The Idol
69%
(Bonus) Unreleased Album The Noise
60%
Compilation The Highlights
55%
Compilation The Weeknd In Japan
29%
No matching quizzes found
Score Distribution
Percent of People with Each Score
Percentile by Number Answered
Your Score History
You have not taken this quiz since the last reset